| 000 | 00752 a2200217 4500 | ||
|---|---|---|---|
| 003 | Nust | ||
| 005 | 20170207170817.0 | ||
| 010 | _a 2004009479 | ||
| 020 | _a0321194438 (pbk. : alk. paper) | ||
| 040 | _cNust | ||
| 082 | 0 | 0 | _a005.8 |
| 100 | 1 | _aHowlett, Tony. | |
| 245 | 1 | 0 |
_aOpen source security tools : practical applications for security (EBOOK) _cTony Howlett. |
| 260 |
_aUpper Saddle River, NJ : _bPrentice Hall, _cc2005. |
||
| 300 |
_axxi, 578 p. : _bill. ; _c24 cm. + _e1 CD-ROM (4 3/4 in.) |
||
| 440 | 0 | _aBruce Perens' Open Source series | |
| 650 | 0 |
_aComputer networks _xSecurity measures. |
|
| 650 | 0 | _aComputer security. | |
| 650 | 0 | _aOpen source software. | |
| 856 | 4 | 1 |
_3Table of contents _uhttp://www.loc.gov/catdir/toc/ecip0417/2004009479.html |
| 942 |
_2ddc _cBK |
||
| 999 |
_c215691 _d215691 |
||